[Event "MMK 2013 - OPEN"]
[Site "ul.Reymonta 22 - Krakow"]
[Date "2013.08.09"]
[Round "2.23"]
[White "Nester, Ihor"]
[Black "Latka, Tadeusz"]
[Result "1-0"]
[WhiteElo "2306"]
[BlackElo "1611"]
[PlyCount "55"]
[EventDate "2013.??.??"]

1. Nf3 Nf6 2. c4 e6 3. g3 b6 4. Bg2 Bb7 5. O-O c5 6. Nc3 Be7 7. d4 cxd4 8. Qxd4
O-O 9. Rd1 Nc6 10. Qf4 Nh5 11. Qd2 Qc8 12. Qxd7 Rd8 13. Qxc8 Raxc8 14. Bg5 Nf6
15. b3 h6 16. Bf4 Ne8 17. Ne5 Bf6 18. Nxc6 Rxd1+ 19. Rxd1 Bxc6 20. Bxc6 Rxc6
21. Nb5 a6 22. Na7 Rc5 23. Be3 Re5 24. Nc6 Re4 25. Rd3 Bg5 26. Bxg5 hxg5 27.
Kf1 g4 28. f3 1-0

[Event "MMK 2013 - OPEN"]
[Site "ul.Reymonta 22 - Krakow"]
[Date "2013.08.09"]
[Round "2.24"]
[White "Lis, Mateusz"]
[Black "Polok, Kacper"]
[Result "1/2-1/2"]
[WhiteElo "1725"]
[BlackElo "2213"]
[PlyCount "67"]
[EventDate "2013.??.??"]

1. e4 e6 2. d4 d5 3. e5 b6 4. f4 Ne7 5. Nf3 h5 6. g3 Qd7 7. Be3 Nf5 8. Bf2 Ba6
9. Bxa6 Nxa6 10. Qe2 Qc8 11. O-O Qb7 12. Nbd2 O-O-O 13. Rac1 Kb8 14. a3 c5 15.
c3 Nc7 16. dxc5 bxc5 17. c4 Be7 18. b4 d4 19. bxc5 Ka8 20. Rb1 Qc6 21. Qe4 Qxe4
22. Nxe4 Na6 23. Nd6 Nxc5 24. Nxf5 exf5 25. Nxd4 Ne4 26. Nxf5 Bxa3 27. Ra1 Bc5
28. Bxc5 Nxc5 29. Nd6 Rd7 30. Ra5 Nb7 31. Nxb7 Rxb7 32. Rfa1 Rc8 33. c5 Rc6 34.
Rd1 1/2-1/2

[Event "MMK 2013 - OPEN"]
[Site "ul.Reymonta 22 - Krakow"]
[Date "2013.08.09"]
[Round "2.25"]
[White "Wilk, Radoslaw"]
[Black "Gola, Karol"]
[Result "0-1"]
[WhiteElo "1371"]
[BlackElo "2184"]
[PlyCount "40"]
[EventDate "2013.??.??"]

1. e4 c5 2. Nf3 e6 3. d4 cxd4 4. Nxd4 a6 5. c4 Nf6 6. Nc3 Bb4 7. Bd3 Nc6 8. Be3
Ne5 9. f3 Bxc3+ 10. bxc3 Qc7 11. Qe2 b5 12. f4 Nxd3+ 13. Qxd3 bxc4 14. Qc2 d6
15. Rd1 O-O 16. O-O Bb7 17. Qe2 Bxe4 18. Rfe1 Bd3 19. Qb2 Rfb8 20. Qa3 e5 0-1

[Event "MMK 2013 - OPEN"]
[Site "ul.Reymonta 22 - Krakow"]
[Date "2013.08.09"]
[Round "2.26"]
[White "Bus, Konrad"]
[Black "Kolomvakis, Stelios"]
[Result "1-0"]
[WhiteElo "2066"]
[BlackElo "1821"]
[PlyCount "75"]
[EventDate "2013.??.??"]

1. d4 d5 2. c4 c6 3. Nf3 Nf6 4. Qb3 e6 5. Nc3 Be7 6. g3 O-O 7. Bg2 Nbd7 8. O-O
Re8 9. Bf4 dxc4 10. Qxc4 Nb6 11. Qb3 Nbd5 12. Bd2 Qb6 13. Rfd1 Bd6 14. Qc2 e5
15. Nxd5 cxd5 16. dxe5 Bxe5 17. Nxe5 Rxe5 18. Bc3 Bf5 19. Qd2 Re7 20. Qg5 Bg6
21. e3 Rae8 22. Bd4 Qa6 23. Bxf6 gxf6 24. Qxd5 b6 25. Bf1 Qc8 26. Rac1 Qg4 27.
Bg2 Re5 28. Qd4 Qe2 29. Rd2 Qh5 30. h4 Kg7 31. Rc6 Qf5 32. Kh2 Qb1 33. a3 h5
34. b4 R8e7 35. Qc3 Qf5 36. Rc4 Qe6 37. Bh3 Bf5 38. Rc6 1-0

[Event "MMK 2013 - OPEN"]
[Site "ul.Reymonta 22 - Krakow"]
[Date "2013.08.10"]
[Round "3.1"]
[White "Barski, Radoslaw"]
[Black "Kumor, Lukasz"]
[Result "1-0"]
[WhiteElo "2268"]
[BlackElo "2131"]
[PlyCount "123"]
[EventDate "2013.??.??"]

1. e4 e6 2. d4 d5 3. Nd2 Nf6 4. e5 Nfd7 5. f4 c5 6. c3 Nc6 7. Ndf3 Qb6 8. a3
cxd4 9. cxd4 Na5 10. Ne2 Nc4 11. b3 Na5 12. Rb1 Be7 13. Nc3 O-O 14. Bd3 f6 15.
Na4 Qc7 16. Bb2 Rf7 17. Rc1 Nc6 18. g3 Nf8 19. b4 a6 20. h4 Bd7 21. h5 h6 22.
Nh4 Qd8 23. Ng6 Be8 24. Nxf8 Bxf8 25. Bb1 Ne7 26. Nc5 Qb6 27. Qc2 f5 28. Bc3
Qc6 29. a4 Bd7 30. a5 Kh8 31. Kf2 Ng8 32. Qd2 Bxc5 33. dxc5 Qc7 34. Bd3 Ne7 35.
Rb1 Bc6 36. Qe2 Raf8 37. Bd2 Qd8 38. Rbg1 Be8 39. Rb1 Bc6 40. Rb2 Qc8 41. Bb1
Qc7 42. Qd1 Qd7 43. Ra2 Rg8 44. Qc2 Rgf8 45. Ra3 Rg8 46. g4 Rgf8 47. Ke3 Qc7
48. Be1 Qd7 49. Kd2 Qc7 50. Kc1 Qd7 51. Bh4 Qc7 52. Rg1 Qd7 53. g5 Ng8 54. Rag3
Re8 55. gxh6 Nxh6 56. Rg6 Rg8 57. Bg5 Ng4 58. Rxg4 Ba4 59. Qh2 fxg4 60. h6 gxh6
61. Bf6+ Rgg7 62. Rxh6+ 1-0

[Event "MMK 2013 - OPEN"]
[Site "ul.Reymonta 22 - Krakow"]
[Date "2013.08.10"]
[Round "3.2"]
[White "Janus, Przemyslaw"]
[Black "Jakubiec, Edyta"]
[Result "1-0"]
[WhiteElo "2121"]
[BlackElo "2216"]
[PlyCount "71"]
[EventDate "2013.??.??"]

1. d4 f5 2. c4 Nf6 3. Nf3 g6 4. g3 Bg7 5. Bg2 O-O 6. O-O d6 7. Nc3 c6 8. d5 e5
9. dxe6 Bxe6 10. Qd3 Qe7 11. Bf4 d5 12. cxd5 Bxd5 13. Ng5 Rd8 14. Rad1 h6 15.
Bxd5+ cxd5 16. Nf3 Nc6 17. Be3 Kh7 18. Qb5 Qf7 19. Bd4 Nxd4 20. Nxd4 Ne4 21.
Rd3 Rac8 22. Rfd1 Bxd4 23. Rxd4 Rxc3 24. bxc3 Nxc3 25. Qa5 Nxe2+ 26. Kf1 Nxd4
27. Qxd8 Ne6 28. Qxd5 Kg7 29. Qe5+ Kh7 30. Rc1 g5 31. Rc8 Qd7 32. Qxf5+ Kg7 33.
Qe5+ Kh7 34. Rh8+ Kg6 35. Qe4+ Kf6 36. Rxh6+ 1-0

[Event "MMK 2013 - OPEN"]
[Site "ul.Reymonta 22 - Krakow"]
[Date "2013.08.10"]
[Round "3.3"]
[White "Matviishen, Viktor"]
[Black "Shilov, Sergej"]
[Result "1-0"]
[WhiteElo "2070"]
[BlackElo "2206"]
[PlyCount "83"]
[EventDate "2013.??.??"]

1. d4 Nf6 2. c4 g6 3. Nc3 Bg7 4. Bg5 h6 5. Bh4 O-O 6. e3 c5 7. Nf3 Qa5 8. Qd2
d6 9. Be2 Bg4 10. O-O cxd4 11. exd4 Nc6 12. h3 Bxf3 13. Bxf3 g5 14. Bg3 Nd7 15.
Bxc6 bxc6 16. Rfe1 Rfe8 17. Rad1 Rab8 18. c5 Qb4 19. Re2 f5 20. Qd3 f4 21. Bh2
dxc5 22. d5 Nf8 23. dxc6 e6 24. Ne4 Qb6 25. h4 Rbd8 26. Qc2 Rxd1+ 27. Qxd1 Rd8
28. Qe1 Nh7 29. hxg5 hxg5 30. Rd2 Rd5 31. Rxd5 exd5 32. Nd6 Nf8 33. Qe8 Qc7 34.
Qf7+ Qxf7 35. Nxf7 Ne6 36. Nxg5 Nc7 37. Bxf4 Na6 38. c7 Nxc7 39. Bxc7 Bxb2 40.
Kf1 c4 41. Ke2 d4 42. Kf3 1-0

[Event "MMK 2013 - OPEN"]
[Site "ul.Reymonta 22 - Krakow"]
[Date "2013.08.10"]
[Round "3.4"]
[White "Gbyl, Andrzej"]
[Black "Slabek, Grzegorz"]
[Result "1-0"]
[WhiteElo "2198"]
[BlackElo "2056"]
[PlyCount "43"]
[EventDate "2013.??.??"]

1. d4 g6 2. c4 f5 3. Nc3 Nf6 4. h4 Bg7 5. h5 Nxh5 6. e4 fxe4 7. Rxh5 gxh5 8.
Qxh5+ Kf8 9. Bh6 e6 10. Nxe4 Qe7 11. O-O-O d6 12. Nh3 Nc6 13. Rd3 Bxh6+ 14.
Qxh6+ Ke8 15. Rg3 Rf8 16. Rg7 Rf7 17. Rg8+ Kd7 18. Nhg5 Nd8 19. Nxf7 Nxf7 20.
Nf6+ Kc6 21. Qf4 a6 22. Re8 1-0

[Event "MMK 2013 - OPEN"]
[Site "ul.Reymonta 22 - Krakow"]
[Date "2013.08.10"]
[Round "3.5"]
[White "Mihopoulos, Konstantinos"]
[Black "Mucha, Roman"]
[Result "0-1"]
[WhiteElo "2036"]
[BlackElo "2190"]
[PlyCount "68"]
[EventDate "2013.??.??"]

1. e4 g6 2. d4 Bg7 3. Nc3 c6 4. Nf3 d5 5. e5 Bg4 6. Be2 Bxf3 7. Bxf3 e6 8. O-O
Ne7 9. Bg5 h6 10. Bh4 g5 11. Bg3 c5 12. Nb5 Nf5 13. c4 a6 14. Nd6+ Nxd6 15.
exd6 Bxd4 16. cxd5 e5 17. Re1 Nd7 18. b4 O-O 19. Rc1 b6 20. bxc5 bxc5 21. Be4
f5 22. Qh5 Kg7 23. Bc2 Nf6 24. Qh3 f4 25. Qf5 Qe8 26. Rb1 Ra7 27. d7 Rxd7 28.
Ba4 fxg3 29. hxg3 Qe7 30. Bxd7 Nxd7 31. Qe6 Bxf2+ 32. Kh2 Qxe6 33. dxe6 Bxe1
34. Rxe1 Nf6 0-1

[Event "MMK 2013 - OPEN"]
[Site "ul.Reymonta 22 - Krakow"]
[Date "2013.08.10"]
[Round "3.6"]
[White "Lach, Piotr"]
[Black "Marczuk, Dominik"]
[Result "1/2-1/2"]
[WhiteElo "2166"]
[BlackElo "2049"]
[PlyCount "52"]
[EventDate "2013.??.??"]

1. d4 d6 2. e4 Nf6 3. Nc3 c6 4. a4 Qa5 5. Bd3 e5 6. dxe5 dxe5 7. Nf3 Be7 8. O-O
O-O 9. Nd2 Bg4 10. Be2 Be6 11. Bc4 Qc7 12. Bxe6 fxe6 13. Qe2 Na6 14. Qc4 Qd6
15. Nf3 Nc7 16. Qb3 Qb4 17. Nxe5 Qxb3 18. cxb3 Na6 19. Be3 Nc5 20. Bxc5 Bxc5
21. Rad1 Rad8 22. Nd3 Bd4 23. Rfe1 e5 24. h3 Rd7 25. Kf1 Rfd8 26. Nc1 Kf7
1/2-1/2

[Event "MMK 2013 - OPEN"]
[Site "ul.Reymonta 22 - Krakow"]
[Date "2013.08.10"]
[Round "3.7"]
[White "Krajewski, Tomasz"]
[Black "Lach, Aleksandra"]
[Result "0-1"]
[WhiteElo "1858"]
[BlackElo "2161"]
[PlyCount "54"]
[EventDate "2013.??.??"]

1. f4 b5 2. a4 b4 3. e4 Bb7 4. d3 e6 5. Nf3 d5 6. exd5 Qxd5 7. c4 Qd8 8. Be3
Nh6 9. Nbd2 Nf5 10. Bg1 Bd6 11. g3 O-O 12. Ne4 Re8 13. Bg2 Nd7 14. c5 Bf8 15.
Qc2 Bd5 16. d4 b3 17. Qe2 Bxe4 18. Qxe4 Nf6 19. Qb7 Rb8 20. Qxa7 Nd5 21. Ke2
Nb4 22. g4 Nc6 23. Qa6 Nfxd4+ 24. Kf1 Nb4 25. Qc4 Ndc2 26. Rb1 Nd5 27. Qd3
Nde3+ 0-1

[Event "MMK 2013 - OPEN"]
[Site "ul.Reymonta 22 - Krakow"]
[Date "2013.08.10"]
[Round "3.8"]
[White "Xylogiannopoulos, Antonios"]
[Black "Magan Gonzalez, Alberto"]
[Result "1/2-1/2"]
[WhiteElo "2146"]
[BlackElo "1861"]
[PlyCount "39"]
[EventDate "2013.??.??"]

1. e4 c5 2. Nf3 d6 3. d4 cxd4 4. Nxd4 Nf6 5. Nc3 a6 6. Bg5 e6 7. f4 Be7 8. Qf3
Qc7 9. O-O-O Nbd7 10. Bd3 b5 11. Rhe1 Bb7 12. Qg3 b4 13. Nd5 exd5 14. exd5 g6
15. Nc6 Bxc6 16. dxc6 Qxc6 17. Qe3 O-O 18. Bxf6 Bxf6 19. Be4 Qc7 20. Bxa8
1/2-1/2

[Event "MMK 2013 - OPEN"]
[Site "ul.Reymonta 22 - Krakow"]
[Date "2013.08.10"]
[Round "3.9"]
[White "Madej, Roman"]
[Black "Nester, Ihor"]
[Result "1/2-1/2"]
[WhiteElo "1637"]
[BlackElo "2306"]
[PlyCount "49"]
[EventDate "2013.??.??"]

1. d4 d5 2. c4 dxc4 3. Nc3 Nf6 4. e4 e5 5. d5 c6 6. Bg5 Be7 7. dxc6 Qxd1+ 8.
Rxd1 Nxc6 9. Bxc4 O-O 10. Nf3 Bg4 11. Be2 h6 12. Bxf6 Bxf6 13. Nd5 Bd8 14. b4
a5 15. a3 axb4 16. axb4 Ra4 17. Rb1 f5 18. h3 fxe4 19. hxg4 exf3 20. gxf3 Nxb4
21. Rxb4 Ba5 22. O-O Rxb4 23. Nxb4 Bxb4 24. Rb1 Bc5 25. Rxb7 1/2-1/2

[Event "MMK 2013 - OPEN"]
[Site "ul.Reymonta 22 - Krakow"]
[Date "2013.08.10"]
[Round "3.10"]
[White "Buscara, Sevan"]
[Black "Sanetra, Krzysztof"]
[Result "1-0"]
[WhiteElo "2330"]
[BlackElo "1981"]
[PlyCount "65"]
[EventDate "2013.??.??"]

1. d4 Nf6 2. Bf4 d6 3. Nf3 g6 4. e3 Bg7 5. Be2 O-O 6. O-O Nh5 7. Bg5 h6 8. Bh4
Nf6 9. h3 g5 10. Bg3 Ne4 11. Bh2 Bf5 12. Nfd2 Nd7 13. Nxe4 Bxe4 14. Nc3 Bg6 15.
a4 a6 16. Bd3 Bxd3 17. Qxd3 e5 18. dxe5 Nxe5 19. Qe4 Nc6 20. Nd5 Re8 21. Qc4
Rc8 22. f4 Na5 23. Qb4 c5 24. Qd2 Bxb2 25. Rad1 Nc4 26. Qd3 b5 27. c3 g4 28.
hxg4 Ba3 29. Ra1 Bb2 30. axb5 axb5 31. Ra7 Re6 32. g5 hxg5 33. Qf5 1-0

[Event "MMK 2013 - OPEN"]
[Site "ul.Reymonta 22 - Krakow"]
[Date "2013.08.10"]
[Round "3.11"]
[White "Gola, Karol"]
[Black "Wozniak, Mariola"]
[Result "1-0"]
[WhiteElo "2184"]
[BlackElo "2028"]
[PlyCount "93"]
[EventDate "2013.??.??"]

1. e4 c5 2. Nf3 d6 3. Bb5+ Bd7 4. Bxd7+ Qxd7 5. O-O Nc6 6. c3 Nf6 7. Qe2 e6 8.
d3 Be7 9. Be3 O-O 10. Nbd2 d5 11. e5 Ne8 12. d4 b6 13. Bg5 f6 14. exf6 Bxf6 15.
dxc5 bxc5 16. Nb3 Qd6 17. Be3 d4 18. Rad1 e5 19. Qc4+ Kh8 20. Nxc5 Na5 21. Qb5
Nc6 22. Qc4 Na5 23. Qb5 Qb6 24. Qxb6 axb6 25. Nd7 dxe3 26. fxe3 Rf7 27. Nfxe5
Re7 28. Nxb6 Ra6 29. Ned7 Nc6 30. Nxf6 gxf6 31. Nd5 Rd7 32. a3 Ne5 33. Rd4 Kg7
34. e4 Nc6 35. Rd3 Ra4 36. Rg3+ Kf7 37. Nb6 Rda7 38. Nxa4 Rxa4 39. Rf4 h5 40.
Rd3 Ke6 41. Rd5 Ne5 42. Rd4 Rxd4 43. cxd4 Nd3 44. Rf5 Nxb2 45. Rxh5 Nd6 46. e5
Ndc4 47. Rh6 1-0

[Event "MMK 2013 - OPEN"]
[Site "ul.Reymonta 22 - Krakow"]
[Date "2013.08.10"]
[Round "3.12"]
[White "Kromka, Ryszard"]
[Black "Mariano, Elia"]
[Result "0-1"]
[WhiteElo "1941"]
[BlackElo "2177"]
[PlyCount "36"]
[EventDate "2013.??.??"]

1. e4 e6 2. d4 d5 3. Nc3 Nf6 4. Bg5 Bb4 5. e5 h6 6. Bd2 Bxc3 7. Bxc3 Ne4 8. Qg4
g6 9. Bb4 c5 10. Bxc5 Qa5+ 11. b4 Qa3 12. Qd1 Qc3+ 13. Ke2 b6 14. a4 bxc5 15.
dxc5 Qxb4 16. Kf3 Qc3+ 17. Bd3 Qxe5 18. g3 Qf5+ 0-1

[Event "MMK 2013 - OPEN"]
[Site "ul.Reymonta 22 - Krakow"]
[Date "2013.08.10"]
[Round "3.13"]
[White "Watorek, Marcin"]
[Black "Molenda, Marcin"]
[Result "1-0"]
[WhiteElo "2116"]
[BlackElo "1866"]
[PlyCount "85"]
[EventDate "2013.??.??"]

1. d4 Nf6 2. c4 g6 3. Nc3 d5 4. cxd5 Nxd5 5. Bd2 Bg7 6. e4 Nb6 7. Be3 O-O 8.
Be2 Nc6 9. Nf3 Bg4 10. e5 Nb4 11. O-O N4d5 12. Bd2 Rc8 13. Ne4 h6 14. Nc5 Rb8
15. Qb3 e6 16. h3 Bxf3 17. Bxf3 Qh4 18. Bc3 h5 19. a4 a5 20. Rfe1 Bh6 21. Re4
Nf4 22. Bd2 Nbd5 23. g3 Qxh3 24. Bxf4 Bxf4 25. gxf4 Qh4 26. Bg2 Rfd8 27. Qg3
Qe7 28. Qg5 Qf8 29. Ra3 Kh7 30. Re1 b6 31. Bxd5 bxc5 32. Be4 Qg7 33. dxc5 Kg8
34. Rg3 Rd4 35. b3 Rbb4 36. Rge3 Rd2 37. Kg2 Rbd4 38. R3e2 Rxe2 39. Rxe2 Qf8
40. Re3 Rd2 41. Bxg6 Qxc5 42. Bd3+ Kf8 43. Qd8+ 1-0

[Event "MMK 2013 - OPEN"]
[Site "ul.Reymonta 22 - Krakow"]
[Date "2013.08.10"]
[Round "3.14"]
[White "Czarkowski, Tomasz"]
[Black "Bus, Konrad"]
[Result "0-1"]
[WhiteElo "1620"]
[BlackElo "2066"]
[PlyCount "54"]
[EventDate "2013.??.??"]

1. d4 Nf6 2. Nc3 d5 3. Bf4 Bf5 4. e3 e6 5. a3 Be7 6. Nf3 O-O 7. Be2 Nh5 8. Bg3
Nd7 9. Nh4 Bxh4 10. Bxh5 c5 11. Bg4 Bg6 12. Qd2 cxd4 13. exd4 Nb6 14. Be2 Rc8
15. Bd3 Bxd3 16. Qxd3 Be7 17. O-O Nc4 18. Ra2 Qa5 19. Bf4 Nxb2 20. Rxb2 Rxc3
21. Qd2 b6 22. a4 Rfc8 23. Ra1 Qa6 24. h3 h6 25. Re1 Qxa4 26. Bxh6 gxh6 27.
Qxh6 Qxd4 0-1

[Event "MMK 2013 - OPEN"]
[Site "ul.Reymonta 22 - Krakow"]
[Date "2013.08.10"]
[Round "3.15"]
[White "Gawle, Ireneusz"]
[Black "Kohtz, Andreas"]
[Result "1/2-1/2"]
[WhiteElo "1925"]
[BlackElo "2034"]
[PlyCount "119"]
[EventDate "2013.??.??"]

1. e4 Nf6 2. e5 Nd5 3. d4 d6 4. Nf3 dxe5 5. dxe5 Bg4 6. Bc4 e6 7. O-O Be7 8.
Re1 O-O 9. Nbd2 Nc6 10. a3 Nb6 11. Bd3 Qd7 12. h3 Bh5 13. b4 Rad8 14. Bb2 Na4
15. Rb1 Nxb2 16. Rxb2 Qd5 17. Be4 Bxf3 18. Bxd5 Bxd1 19. Bxc6 bxc6 20. Rxd1 Bg5
21. c4 Rd3 22. Kf1 Rfd8 23. Ke2 Bf4 24. g3 Bxe5 25. Rbb1 Rxa3 26. Nf3 Ra2+ 27.
Ke3 Rxd1 28. Rxd1 Ra3+ 29. Ke2 f6 30. Nxe5 fxe5 31. Rd7 Rb3 32. Rxc7 Rxb4 33.
Rxc6 Kf7 34. Rc7+ Kf6 35. c5 Rc4 36. Rxa7 Rxc5 37. Ke3 Rb5 38. Ra8 Rb3+ 39. Ke2
g6 40. Rh8 h5 41. Rf8+ Kg7 42. Rf3 Rb4 43. Ke3 g5 44. Ke2 Ra4 45. Re3 e4 46.
Rb3 Kf6 47. Rb5 Ra3 48. Rc5 h4 49. gxh4 gxh4 50. Rh5 Rxh3 51. Kf1 Rf3 52. Rxh4
e3 53. Rh2 Rxf2+ 54. Rxf2+ exf2 55. Kxf2 Kg5 56. Ke3 Kf5 57. Kf3 Ke5 58. Ke3
Kd5 59. Kd3 e5 60. Ke3 1/2-1/2

[Event "MMK 2013 - OPEN"]
[Site "ul.Reymonta 22 - Krakow"]
[Date "2013.08.10"]
[Round "3.16"]
[White "Chmiel, Marcin"]
[Black "Gumularz, Szymon"]
[Result "1-0"]
[WhiteElo "2028"]
[BlackElo "1920"]
[PlyCount "71"]
[EventDate "2013.??.??"]

1. Nf3 c5 2. b3 d5 3. Bb2 Nc6 4. e3 a6 5. g3 Nf6 6. Bg2 g6 7. O-O Bg7 8. d3 O-O
9. a4 Re8 10. Ne5 Qc7 11. Nxc6 bxc6 12. Nd2 e5 13. e4 Bb7 14. Qe2 Rad8 15. Rae1
Nd7 16. Qd1 Nf8 17. Qa1 Bh6 18. Re2 Bxd2 19. Rxd2 d4 20. f4 f6 21. Rdf2 Bc8 22.
fxe5 fxe5 23. Bc1 Be6 24. Bh6 Nd7 25. Qc1 Qd6 26. Qg5 Rc8 27. Qh4 Qe7 28. Bg5
Qd6 29. Bh3 Bxh3 30. Rf7 h5 31. Qxh3 Re6 32. Qh4 Rce8 33. g4 Nf8 34. gxh5 a5
35. Bf6 Kxf7 36. hxg6+ 1-0

[Event "MMK 2013 - OPEN"]
[Site "ul.Reymonta 22 - Krakow"]
[Date "2013.08.10"]
[Round "3.17"]
[White "Polok, Kacper"]
[Black "Ochowicz, Jakub"]
[Result "1-0"]
[WhiteElo "2213"]
[BlackElo "1598"]
[PlyCount "77"]
[EventDate "2013.??.??"]

1. e4 c6 2. Nc3 d5 3. Nf3 dxe4 4. Nxe4 Bf5 5. Ng3 Bg6 6. h4 h6 7. h5 Bh7 8. d4
e6 9. Bd3 Bxd3 10. Qxd3 Nd7 11. Be3 Qa5+ 12. c3 Ngf6 13. Nd2 Be7 14. Nb3 Qc7
15. O-O-O O-O-O 16. Kb1 Nd5 17. Ne2 N7f6 18. f3 Nxe3 19. Qxe3 Nd5 20. Qe4 Bg5
21. g3 Rhe8 22. f4 Be7 23. c4 Nb6 24. Qc2 c5 25. Rd3 Kb8 26. dxc5 Bxc5 27. Rhd1
Rxd3 28. Qxd3 Be7 29. c5 Nd5 30. Rc1 Rd8 31. Ned4 Rc8 32. a3 Ka8 33. f5 exf5
34. c6 bxc6 35. Nxc6 Bg5 36. Qxd5 Bxc1 37. Nca5+ Kb8 38. Nc5 Qxc5 39. Qb7# 1-0

[Event "MMK 2013 - OPEN"]
[Site "ul.Reymonta 22 - Krakow"]
[Date "2013.08.10"]
[Round "3.18"]
[White "Zaboklicki, Zbigniew"]
[Black "Carre, Sylvain"]
[Result "1-0"]
[WhiteElo "1790"]
[BlackElo "2120"]
[PlyCount "120"]
[EventDate "2013.??.??"]

1. Nf3 d5 2. b3 Bf5 3. Bb2 e6 4. d3 h6 5. Nbd2 Nf6 6. g3 Be7 7. Bg2 O-O 8. O-O
c5 9. Re1 Nc6 10. e4 Bh7 11. exd5 exd5 12. a3 Re8 13. Ne5 a5 14. Nxc6 bxc6 15.
a4 Bg6 16. Nf3 Nd7 17. Qd2 Qc7 18. Bh3 Bd6 19. Rxe8+ Rxe8 20. Re1 Rxe1+ 21.
Qxe1 Nf6 22. Nh4 d4 23. Nxg6 fxg6 24. Qe6+ Kh7 25. Bc1 Nd5 26. Bd2 Nb4 27. Bg2
Qe7 28. Qxe7 Bxe7 29. Be4 Bd8 30. c3 dxc3 31. Bxc3 Bb6 32. Kf1 Nd5 33. Bd2 Ne7
34. h4 Kg8 35. Bf4 Kf7 36. Ke2 Ke6 37. Bd2 Kf7 38. Bc3 Bc7 39. d4 cxd4 40. Bxd4
Nf5 41. Bc3 Ne7 42. Kd3 Ke6 43. Bd4 Kf7 44. Kc4 Bd6 45. Bc3 Bc7 46. Kc5 Nc8 47.
Kxc6 Bb6 48. Be1 Bd4 49. f3 Be5 50. f4 Bd4 51. g4 Be3 52. f5 gxf5 53. Bxf5 Ne7+
54. Kb5 h5 55. Bd7 hxg4 56. Bxg4 Nd5 57. Kxa5 Nf4 58. Bg3 Nd3 59. Kb5 Nc5 60.
b4 Ne4 1-0

[Event "MMK 2013 - OPEN"]
[Site "ul.Reymonta 22 - Krakow"]
[Date "2013.08.10"]
[Round "3.19"]
[White "Zegota, Andrzej"]
[Black "Adamowicz, Katarzyna"]
[Result "0-1"]
[WhiteElo "1774"]
[BlackElo "2112"]
[PlyCount "58"]
[EventDate "2013.??.??"]

1. e4 e5 2. Nf3 Nc6 3. Bc4 Bc5 4. c3 Nf6 5. b4 Bb6 6. d3 d6 7. a4 a6 8. Nbd2
O-O 9. O-O Nh5 10. Nxe5 Nxe5 11. d4 Nxc4 12. Nxc4 Nf6 13. Bg5 h6 14. Bh4 g5 15.
Bg3 Nxe4 16. Qh5 Qf6 17. f4 Nxg3 18. hxg3 Qg6 19. Qf3 g4 20. Qd1 Bf5 21. Nxb6
cxb6 22. Re1 Rfe8 23. Qd2 d5 24. Re5 Be4 25. Rf1 f5 26. Rc1 Rxe5 27. dxe5 Qc6
28. Qd4 Rc8 29. Qf2 a5 0-1

[Event "MMK 2013 - OPEN"]
[Site "ul.Reymonta 22 - Krakow"]
[Date "2013.08.10"]
[Round "3.20"]
[White "Gosciniak, Maria"]
[Black "Lewtak, Dominik"]
[Result "1/2-1/2"]
[WhiteElo "2098"]
[BlackElo "1846"]
[PlyCount "69"]
[EventDate "2013.??.??"]

1. e4 c5 2. Nf3 Nf6 3. Nc3 Nc6 4. d4 d5 5. exd5 Nxd5 6. Ne4 cxd4 7. Nxd4 e5 8.
Nxc6 bxc6 9. Bc4 Bf5 10. Ng3 Be6 11. O-O Qb6 12. Bb3 Bc5 13. Qh5 Bd6 14. Qg5
Kf8 15. Nh5 Rg8 16. Qg3 Qc7 17. f4 e4 18. c4 Nb6 19. Qc3 Bc5+ 20. Be3 Bxe3+ 21.
Qxe3 f5 22. c5 Nd5 23. Bxd5 Bxd5 24. Ng3 g6 25. b4 Rb8 26. a3 Kf7 27. Rfd1 a5
28. Rab1 axb4 29. axb4 Rb7 30. b5 Rc8 31. b6 Qe7 32. Ne2 h6 33. Ra1 g5 34. Ra5
Bc4 35. Ng3 1/2-1/2

[Event "MMK 2013 - OPEN"]
[Site "ul.Reymonta 22 - Krakow"]
[Date "2013.08.10"]
[Round "3.21"]
[White "Blaszczak, Pawel"]
[Black "Lis, Mateusz"]
[Result "1-0"]
[WhiteElo "2039"]
[BlackElo "1725"]
[PlyCount "119"]
[EventDate "2013.??.??"]

1. e4 c5 2. Nf3 d6 3. d4 cxd4 4. Nxd4 Nf6 5. Nc3 Nc6 6. Bg5 e5 7. Ndb5 a6 8.
Na3 Be7 9. Bxf6 Bxf6 10. Nc4 Be7 11. Nd5 O-O 12. Be2 Nd4 13. Bd3 Be6 14. Nce3
Bg5 15. c3 Bxe3 16. Nxe3 Nc6 17. O-O Ne7 18. Bc4 b5 19. Bd5 Nxd5 20. Nxd5 Qg5
21. Qd3 Rac8 22. Rfd1 f5 23. exf5 Bxf5 24. Qe3 Qxe3 25. Nxe3 Rcd8 26. a4 b4 27.
cxb4 Bg6 28. Rac1 Bh5 29. Rd2 Rc8 30. Rxc8 Rxc8 31. g4 Bg6 32. Rxd6 Rb8 33. Nd5
Be4 34. Rb6 Rd8 35. Nc3 Bf3 36. h3 Rd2 37. Rxa6 Rxb2 38. Re6 Rb3 39. Nb5 Rxb4
40. Rxe5 h6 41. a5 Ra4 42. Nd6 Kh7 43. Nf5 Be4 44. Kh2 Bxf5 45. Rxf5 Ra3 46.
Kg2 g5 47. f3 Kg6 48. Kf2 h5 49. Ke2 Ra2+ 50. Kd3 Rh2 51. Rf8 hxg4 52. hxg4 Ra2
53. Rf5 Ra1 54. Kc4 Ra4+ 55. Kb5 Ra3 56. a6 Rb3+ 57. Ka4 Rb1 58. Ka5 Rb3 59. a7
Ra3+ 60. Kb6 1-0

[Event "MMK 2013 - OPEN"]
[Site "ul.Reymonta 22 - Krakow"]
[Date "2013.08.10"]
[Round "3.22"]
[White "Jedrocha, Katarzyna"]
[Black "Sumin, Vladyslav"]
[Result "0-1"]
[WhiteElo "1717"]
[BlackElo "2037"]
[PlyCount "70"]
[EventDate "2013.??.??"]

1. e4 c5 2. c3 d5 3. exd5 Qxd5 4. d4 Nc6 5. Nf3 Bg4 6. Be2 Nf6 7. Na3 cxd4 8.
Nb5 O-O-O 9. Nbxd4 Nxd4 10. cxd4 e6 11. O-O Bd6 12. Be3 Kb8 13. Qa4 Rc8 14.
Rac1 a6 15. b4 Ne4 16. Qa3 g5 17. Qb2 Rxc1 18. Rxc1 Rc8 19. Rxc8+ Kxc8 20. Qc2+
Kb8 21. a3 Bf5 22. Bd3 Bg6 23. Nd2 Nxd2 24. Qxd2 Bxd3 25. Qxd3 h6 26. Qh7 f5
27. g3 f4 28. gxf4 gxf4 29. Bc1 Qxd4 30. Qc2 f3 31. Be3 Qg4+ 32. Kf1 Bxh2 33.
Ke1 Bf4 34. Qc3 Qg1+ 35. Kd2 Qxf2+ 0-1

[Event "MMK 2013 - OPEN"]
[Site "ul.Reymonta 22 - Krakow"]
[Date "2013.08.10"]
[Round "3.23"]
[White "Golda, Sebastian"]
[Black "Skomial, Mateusz"]
[Result "0-1"]
[WhiteElo "1676"]
[BlackElo "2014"]
[PlyCount "59"]
[EventDate "2013.??.??"]

1. e4 e5 2. Nf3 Nf6 3. d4 Nxe4 4. dxe5 d5 5. Nbd2 Nxd2 6. Bxd2 Be7 7. Bd3 c5 8.
c3 Nc6 9. h3 Be6 10. Bf4 h6 11. Qd2 g5 12. Bg3 Qa5 13. h4 O-O-O 14. hxg5 hxg5
15. Rxh8 Rxh8 16. Ke2 g4 17. Ng5 c4 18. Bh7 d4 19. Rh1 dxc3 20. bxc3 Rd8 21.
Qxd8+ Bxd8 22. Nxe6 fxe6 23. Bg8 Qxa2+ 24. Ke3 Bg5+ 25. f4 gxf3+ 26. Kxf3 Nd8
27. Bf2 Qc2 28. Bd4 Qd3+ 29. Kf2 Qf5+ 30. Ke1 0-1

[Event "MMK 2013 - OPEN"]
[Site "ul.Reymonta 22 - Krakow"]
[Date "2013.08.10"]
[Round "3.24"]
[White "Kolodziej, Krzysztof"]
[Black "Karaoulanis, Dimitrios"]
[Result "1-0"]
[WhiteElo "1647"]
[BlackElo "2012"]
[PlyCount "111"]
[EventDate "2013.??.??"]

1. e4 c5 2. Nf3 d6 3. d4 cxd4 4. Nxd4 Nf6 5. f3 e5 6. Nb3 Be6 7. c4 Nbd7 8. Be3
Qc7 9. Na3 a6 10. Qd2 Be7 11. Be2 O-O 12. O-O Rac8 13. Rac1 Qb8 14. Rfd1 Ne8
15. Bd3 Kh8 16. Qf2 f5 17. exf5 Bxf5 18. Bxf5 Rxf5 19. c5 Nxc5 20. Nxc5 dxc5
21. Bxc5 Bf6 22. Be3 e4 23. f4 g5 24. g4 Rxc1 25. Bxc1 Rxf4 26. Bxf4 gxf4 27.
Qc5 Ng7 28. g5 b6 29. Qd5 Be7 30. Qxe4 Bxg5 31. Nc4 Qc8 32. Ne5 Bf6 33. Qd5 Nf5
34. Qc4 Qe8 35. Qf7 Qxf7 36. Nxf7+ Kg7 37. Nd6 Ne3 38. Rd2 Bh4 39. Rd4 Bg5 40.
Nc4 f3 41. Kf2 Nc2 42. Rd7+ Kg6 43. Kxf3 b5 44. Ne5+ Kf5 45. Nc6 Bf6 46. Rd2
Ne1+ 47. Kg3 Bg5 48. Rd5+ Kg6 49. Ne5+ Kf6 50. Nf3 Nxf3 51. Kxf3 Bc1 52. b3 Ke6
53. Ke4 h6 54. a4 bxa4 55. bxa4 Ba3 56. Ra5 1-0

[Event "MMK 2013 - OPEN"]
[Site "ul.Reymonta 22 - Krakow"]
[Date "2013.08.10"]
[Round "3.25"]
[White "Sanetra, Szymon"]
[Black "Uscinski, Michal"]
[Result "1/2-1/2"]
[WhiteElo "2010"]
[BlackElo "1716"]
[PlyCount "49"]
[EventDate "2013.??.??"]

1. d4 d5 2. c4 c6 3. Nc3 e5 4. e4 dxe4 5. dxe5 Qxd1+ 6. Kxd1 Bf5 7. f3 Nd7 8.
fxe4 Bg4+ 9. Kc2 Nxe5 10. Bf4 Ng6 11. Be3 Nf6 12. h3 Be6 13. Nf3 Bb4 14. Bd3
O-O 15. Ne2 Nd7 16. Nf4 Nxf4 17. Bxf4 Nc5 18. a3 Nxd3 19. Kxd3 Rad8+ 20. Kc2
Bd6 21. Bxd6 Rxd6 22. c5 Rd7 23. Rad1 Rfd8 24. Rxd7 Rxd7 25. Kc3 1/2-1/2